书目信息 |
| 题名: |
概率论与数理统计例题分析与解题指导
|
|
| 作者: | 俞钟祺 ;俞钟祺 , 刘振航 主编 | |
| 分册: | ||
| 出版信息: | 北京 机械工业出版社 2004.04 |
|
| 页数: | 269页 | |
| 开本: | 27cm | |
| 丛书名: | 高等学校教材 | |
| 单 册: | ||
| 中图分类: | O21-44 | |
| 科图分类: | ||
| 主题词: | 数理统计--高等学校--解题 , 概率论--概率论--高等学校--解题 | |
| 电子资源: | ||
| ISBN: | 7-111-13641-1 | |
| 000 | 01063nam 2200289 450 | |
| 001 | 0115456488 | |
| 005 | 20050628084933.68 | |
| 010 | @a7-111-13641-1@dCNY25.00 | |
| 100 | @a20040812d2004 km y0chiy0120 ea | |
| 101 | 0 | @achi |
| 102 | @aCN@b110000 | |
| 105 | @aa a 000yy | |
| 200 | 1 | @a概率论与数理统计例题分析与解题指导@AGai Lu Lun Yu Shu Li Tong Ji Li Ti Fen Xi Yu Jie Ti Zhi Dao@f俞钟祺@Fyu zhong qi@g俞钟祺, 刘振航主编@Gyu zhong qi,liu zhen hang zhu bian |
| 210 | @a北京@c机械工业出版社@d2004.04 | |
| 215 | @a269页@c图@d27cm | |
| 225 | 2 | @a高等学校教材 |
| 320 | @a有书目。 | |
| 330 | @a本书结合大纲要求、围绕概率论与数理统计的基本概念、基本理论和基本方法,精选典型例题进行解析,涉及随机变量及其分布、样本及抽样分布等。 | |
| 410 | 0 | @12001 @a高等学校教材 |
| 606 | 0 | @a数理统计@x高等学校@x解题 |
| 606 | 0 | @a概率论@x概率论@x高等学校@x解题 |
| 690 | @aO21-44@v4 | |
| 701 | 0 | @a俞钟祺@Ayu zhong qi |
| 702 | 0 | @a俞钟祺@Ayu zhong qi@4主编 |
| 702 | 0 | @a刘振航@Aliu zhen hang@4主编 |
| 801 | 0 | @aCN@bRULIN@c20050628 |
| 905 | @a10447@dO21-44@eY722 | |
| 概率论与数理统计例题分析与解题指导/俞钟祺/俞钟祺, 刘振航主编.-北京:机械工业出版社,2004.04 |
| 269页:图;27cm.-(高等学校教材) |
| ISBN 7-111-13641-1:CNY25.00 |
| 本书结合大纲要求、围绕概率论与数理统计的基本概念、基本理论和基本方法,精选典型例题进行解析,涉及随机变量及其分布、样本及抽样分布等。 |
| ● |
| 相关链接 |
|
|
|
正题名:概率论与数理统计例题分析与解题指导
索取号:O21-44/Y722
 
预约/预借
| 序号 | 登录号 | 条形码 | 馆藏地/架位号 | 状态 | 备注 |
| 1 | 521430 | 205214301 | 自科库401/ [索取号:O21-44/Y722] | 在馆 | |
| 2 | 521431 | 205214310 | 自科库401/401自科库 47排4列1层/ [索取号:O21-44/Y722] | 在馆 |